000 00657nam a2200253Ia 4500
008 160418s9999 xx 000 0 und d
020 _a978-971-584-903-6
050 _aFIL PL 5548.4
050 _b.R49 2009
100 _aReyes, Edgardo M.
245 _aDiwalwal :
245 _bbundok ng ginto /
245 _cEdgardo M. Reyes.
260 _aQuezon City:
260 _bC & E Pub. Inc.,
260 _c2009
300 _a306 pages :
300 _billustrations ;
300 _c18 cm.
650 _aMount -- Diwalwal.
650 _aPhilippine fiction (Tagalog).
650 _xDiwalwal -- Mining.
650 _xShort stories, Philipines.
999 _c293613
_d293613